Manual de redacción académica universitaria / (Record no. 23599)

000 -CABECERA
fixed length control field 00876nam a22002417i 4500
003 - IDENTIFICADOR DEL NÚMERO DE CONTROL
control field AR-CdUCM
008 - DATOS DE LONGITUD FIJA--INFORMACIÓN GENERAL
fixed length control field 260407b20222022 pe||||| |||| 00| 0 spa d
020 ## - NÚMERO INTERNACIONAL ESTÁNDAR DEL LIBRO
ISBN 978-912-331-031-8
040 ## - FUENTE DE LA CATALOGACIÓN
Agencia/entidad que catalogó originalmente la obra MUNICIPALIDAD PROVINCIAL DEL CUSCO
Entidad que transcribió la catalogación BIBLIOTECA MUNICIPAL DEL CUSCO
082 ## - NÚMERO DE LA CLASIFICACIÓN DECIMAL DEWEY
No. de Clasificación 468.2
Notacion interna S17
100 ## - ENTRADA PRINCIPAL--NOMBRE DE PERSONA
Nombre Personal Saldaña Fernández, Cesar Gilberto
245 ## - MENCIÓN DE TÍTULO
Título Manual de redacción académica universitaria /
260 ## - PUBLICACIÓN, DISTRIBUCIÓN, ETC.
Lugar de publicación, distribución, etc. Lima-Perú:
Nombre de la editorial, distribuidor, etc. Universidad Ricardo Palma-Editorial Universitaria
Fecha de publicación, distribución, etc. 2022
300 ## - DESCRIPCIÓN FÍSICA
Nº de Páginas Extensión 134 páginas. :
Dimensiones 24x17 cm.
500 ## - NOTA GENERAL
Bibliografía página 134
505 ## - NOTA DE CONTENIDO CON FORMATO
Nota de contenido formateada Que es el párrafo académico? -- Estructura del párrafo -- El tema general -- Como formular su oración -- Tipos de párrafos
650 ## - PUNTO DE ACCESO ADICIONAL DE MATERIA--TÉRMINO DE MATERIA
Descriptor Párrafo
9 (RLIN) 52547
650 ## - PUNTO DE ACCESO ADICIONAL DE MATERIA--TÉRMINO DE MATERIA
Descriptor Ensayo
9 (RLIN) 274
650 ## - PUNTO DE ACCESO ADICIONAL DE MATERIA--TÉRMINO DE MATERIA
Descriptor Tipos de ensayo
9 (RLIN) 52548
942 ## - ELEMENTOS DE PUNTO DE ACCESO ADICIONAL (KOHA)
Fuente de clasificación
Tipo de item Libros-BMC
945 ## - PROCESAMIENTO DE INFORMACIÓN LOCAL (OCLC)
Catalogador pbjr
AAAA-MM-DD - Fecha de ingreso o modificacion 07-04-2026
Holdings
Estado de retiro (separado) Fuente de clasificación o esquema de estanterías Estado dañado Ubicación Sala donde se ubica Nombre de la colección Fecha de adquisición o compra Fuente de adquisición Costo, precio normal en soles Signatura topográfica Código de Barras Última vez visto (Koha) Tipo de ítem (Koha)
No     Administrador-biblioteca Administrador-biblioteca Book Cart 2026-04-07     468.2 / S17 / e.2 SH0000017065 2026-04-07 Libros-BMC
No     Sala Humanidades Sala Humanidades Book Cart 2026-04-07 Donación 20.00 468.2 / S17 SH0000017064 2026-04-07 Libros-BMC

Powered by Koha